000 00403nam a2200169Ia 4500
003 Ost
005 20260225132559.0
008 260225s9999||||xx |||||||||||||| ||und||
020 _a9961751043
040 _cfsic
041 _afre
082 _a70.44
100 _aZahir Ihaddaden
_eAuteur
245 0 _ala presse écrite en algérie de 1965 a 1982 /
245 0 _cZahir Ihaddaden
942 _cكتاب
999 _c34677
_d34677